[Event "69th RUS-ch Women Higher League 2019"]
[Site "Yaroslavl"]
[Date "2019.07.04"]
[Round "7.4"]
[White "Solozhenkina, Elizaveta"]
[Black "Kovalevskaya, Ekaterina"]
[Result "1/2-1/2"]
[WhiteElo "2324"]
[BlackElo "2413"]
[Annotator "NA"]
[PlyCount "82"]
[EventDate "2019.06.27"]
[EventType "swiss"]
[EventCountry "RUS"]
[SourceTitle "playchess.com"]
[Source "ChessBase"]
[SourceQuality "1"]
[TimeControl "40/5400+30:1800+30"]

1. e4 {[%emt 0:00:00]} c5 {[%emt 0:00:00]} 2. Nf3 {[%emt 0:00:00]} Nc6 {[%emt 0:00:00]} 3. d4 {[%emt 0:00:00]} cxd4 {[%emt 0:00:00]} 4. Nxd4 {[%emt 0:00:00]} e5 {[%emt 0:00:11]} 5. Nb5 {[%emt 0:00:05]} d6 {[%emt 0:00:12]} 6. N1c3 {[%emt 0:01:17]} a6 {[%emt 0:00:13]} 7. Na3 {[%emt 0:00:06]} b5 {[%emt 0:02:06]} 8. Nd5 {[%emt 0:00:51]} Nge7 {[%emt 0:00:14]} 9. c4 {[%emt 0:02:06]} Nd4 {[%emt 0:01:49]} 10. cxb5 {[%emt 0:02:58]} Nxd5 {[%emt 0:00:49]} 11. exd5 {[%emt 0:00:06]} g6 {[%emt 0:01:35]} 12. Bd3 {[%emt 0:14:18]} Bg7 {[%emt 0:03:21]} 13. O-O {[%emt 0:01:20]} O-O {[%emt 0:00:07]} 14. Be3 {[%emt 0:14:36]} Nf5 {[%emt 0:02:54]} 15. Qe2 {[%emt 0:04:21]} Nxe3 {[%emt 0:20:27]} 16. fxe3 {[%emt 0:02:55]} axb5 {[%emt 0:02:43]} 17. Nxb5 {[%emt 0:02:43]} Qb6 {[%emt 0:00:31]} 18. Kh1 {[%emt 0:03:11]} e4 {[%emt 0:22:07]} 19. Bxe4 {[%emt 0:08:15]} Ra4 {[%emt 0:01:50]} 20. Nd4 {[%emt 0:16:06]} Ba6 {[%emt 0:04:00]} 21. Bd3 {[%emt 0:04:06]} Bxd3 {[%emt 0:04:59]} 22. Qxd3 {[%emt 0:00:05]} Bxd4 {[%emt 0:00:10]} 23. exd4 {[%emt 0:00:23]} Qxb2 {[%emt 0:00:21]} 24. Qg3 {[%emt 0:02:26]} Rxa2 {[%emt 0:14:32]} 25. Rxa2 {[%emt 0:01:29]} Qxa2 {[%emt 0:00:02]} 26. Qxd6 {[%emt 0:00:07]} Qc4 {[%emt 0:00:18]} 27. Rd1 {[%emt 0:01:10]} Qa4 {[%emt 0:00:38]} 28. Rb1 {[%emt 0:01:58]} Qxd4 {[%emt 0:00:27]} 29. h3 {[%emt 0:00:28]} Kg7 {[%emt 0:04:04]} 30. Qd7 {[%emt 0:04:59]} Qf6 {[%emt 0:06:19]} 31. Rd1 {[%emt 0:03:48]} Rd8 {[%emt 0:00:13]} 32. Qc7 {[%emt 0:00:18]} Rd6 {[%emt 0:00:20]} 33. Qc4 {[%emt 0:01:01]} Qe5 {[%emt 0:00:21]} 34. Qd3 {[%emt 0:01:06]} h5 {[%emt 0:00:28]} 35. Kg1 {[%emt 0:04:06]} Kh7 {[%emt 0:02:23]} 36. Kh1 {[%emt 0:00:48]} Kg8 {[%emt 0:00:42]} 37. Kg1 {[%emt 0:01:40]} Kg7 {[%emt 0:00:21]} 38. Qf3 {[%emt 0:01:50]} Rf6 {[%emt 0:03:12]} 39. Qd3 {[%emt 0:00:08]} Rd6 {[%emt 0:00:05]} 40. Qf3 {[%emt 0:00:00]} Rf6 {[%emt 0:00:00]} 41. Qd3 {[%emt 0:02:45]} Rd6 {[%emt 0:05:37]} 1/2-1/2

[Event "69th RUS-ch Women Higher League 2019"]
[Site "Yaroslavl"]
[Date "2019.07.04"]
[Round "7.5"]
[White "Protopopova, Anastasiya"]
[Black "Bykova, Anastasia"]
[Result "0-1"]
[WhiteElo "2272"]
[BlackElo "2229"]
[Annotator "NA"]
[PlyCount "60"]
[EventDate "2019.06.27"]
[EventType "swiss"]
[EventCountry "RUS"]
[SourceTitle "playchess.com"]
[Source "ChessBase"]
[SourceQuality "1"]
[TimeControl "40/5400+30:1800+30"]

1. d4 {[%emt 0:01:50]} d5 {[%emt 0:00:00]} 2. c4 {[%emt 0:00:14]} c6 {[%emt 0:00:00]} 3. Nf3 {[%emt 0:00:07]} Nf6 {[%emt 0:00:00]} 4. Nc3 {[%emt 0:00:04]} dxc4 {[%emt 0:00:00]} 5. a4 {[%emt 0:00:12]} Bf5 {[%emt 0:00:00]} 6. Nh4 {[%emt 0:00:06]} Bg6 {[%emt 0:06:43]} 7. Nxg6 {[%emt 0:00:10]} hxg6 8. e3 {[%emt 0:08:12]} e6 {[%emt 0:01:54]} 9. Bxc4 {[%emt 0:00:51]} Bb4 {[%emt 0:00:32]} 10. h3 {[%emt 0:04:52]} Qc7 {[%emt 0:05:49]} 11. O-O {[%emt 0:06:25]} Nbd7 {[%emt 0:08:12]} 12. Na2 {[%emt 0:02:35]} Be7 {[%emt 0:01:36]} 13. b4 {[%emt 0:02:11]} g5 {[%emt 0:15:18]} 14. Be2 {[%emt 0:12:03]} Rh4 {[%emt 0:00:34]} 15. f3 {[%emt 0:13:39]} Rxh3 {[%emt 0:03:55]} 16. f4 {[%emt 0:00:57]} Rh7 {[%emt 0:07:40]} 17. Bd3 {[%emt 0:01:18]} g6 {[%emt 0:00:37]} 18. fxg5 {[%emt 0:12:28]} Qh2+ {[%emt 0:06:28]} 19. Kf2 {[%emt 0:00:28]} Qh4+ {[%emt 0:00:46]} 20. Ke2 {[%emt 0:00:49]} Qxg5 {[%emt 0:01:49]} 21. Rg1 {[%emt 0:02:44]} e5 {[%emt 0:18:01]} 22. Bb2 {[%emt 0:06:04]} Nd5 {[%emt 0:02:21]} 23. Qd2 {[%emt 0:03:13]} Qg4+ {[%emt 0:00:41]} 24. Kf1 {[%emt 0:01:44]} e4 {[%emt 0:00:48]} 25. Bc4 {[%emt 0:01:36]} Rh5 {[%emt 0:02:44]} 26. g3 {[%emt 0:03:30]} Qf3+ {[%emt 0:03:28]} 27. Ke1 {[%emt 0:00:18]} Nxe3 {[%emt 0:00:55]} 28. Be2 {[%emt 0:00:28]} Ng2+ {[%emt 0:00:27]} 29. Kd1 {[%emt 0:00:42]} Qb3+ {[%emt 0:00:06]} 30. Kc1 {[%emt 0:00:37]} Bg5 {[%emt 0:00:20]} 0-1

[Event "69th RUS-ch Women Higher League 2019"]
[Site "Yaroslavl"]
[Date "2019.07.04"]
[Round "7.6"]
[White "Garifullina, Leya"]
[Black "Borisova, Ekaterina"]
[Result "1-0"]
[WhiteElo "2246"]
[BlackElo "2267"]
[Annotator "NA"]
[PlyCount "85"]
[EventDate "2019.06.27"]
[EventType "swiss"]
[EventCountry "RUS"]
[SourceTitle "playchess.com"]
[Source "ChessBase"]
[SourceQuality "1"]
[TimeControl "40/5400+30:1800+30"]

1. e4 {[%emt 0:00:00]} c5 {[%emt 0:00:00]} 2. Nf3 {[%emt 0:00:00]} d6 {[%emt 0:00:00]} 3. d4 {[%emt 0:00:00]} cxd4 {[%emt 0:00:00]} 4. Nxd4 {[%emt 0:00:00]} Nf6 {[%emt 0:00:00]} 5. Nc3 {[%emt 0:00:01]} a6 {[%emt 0:00:00]} 6. h3 {[%emt 0:00:12]} e6 {[%emt 0:00:00]} 7. g4 {[%emt 0:00:05]} b5 {[%emt 0:00:00]} 8. Bg2 {[%emt 0:00:06]} Bb7 {[%emt 0:00:00]} 9. O-O {[%emt 0:00:07]} Nfd7 {[%emt 0:00:03]} 10. a4 {[%emt 0:01:06]} b4 {[%emt 0:00:35]} 11. Na2 {[%emt 0:00:48]} a5 {[%emt 0:03:09]} 12. c3 {[%emt 0:00:16]} Nc5 {[%emt 0:06:08]} 13. Re1 {[%emt 0:02:54]} bxc3 {[%emt 0:04:12]} 14. Nxc3 {[%emt 0:00:15]} Be7 {[%emt 0:00:23]} 15. Ndb5 {[%emt 0:00:43]} Nc6 {[%emt 0:05:11]} 16. Be3 {[%emt 0:02:00]} Nb4 {[%emt 0:09:38]} 17. Re2 {[%emt 0:00:47]} Qb6 {[%emt 0:08:15]} 18. Rd2 {[%emt 0:05:41]} Rd8 {[%emt 0:00:57]} 19. Rc1 {[%emt 0:01:53]} O-O {[%emt 0:02:01]} 20. Bf4 {[%emt 0:03:29]} Rd7 {[%emt 0:20:43]} 21. Bxd6 {[%emt 0:06:11]} Bxd6 {[%emt 0:05:13]} 22. Rxd6 {[%emt 0:00:00]} Rxd6 {[%emt 0:00:23]} 23. Qxd6 {[%emt 0:00:00]} Qxd6 24. Nxd6 Bc6 {[%emt 0:00:34]} 25. Nc4 {[%emt 0:02:05]} Ra8 {[%emt 0:04:58]} 26. Bf1 {[%emt 0:04:35]} h5 {[%emt 0:02:56]} 27. f3 {[%emt 0:00:50]} hxg4 {[%emt 0:00:53]} 28. hxg4 {[%emt 0:00:06]} Kf8 {[%emt 0:02:07]} 29. Ne5 {[%emt 0:02:19]} Bxa4 {[%emt 0:03:47]} 30. Nxa4 {[%emt 0:01:20]} Nxa4 {[%emt 0:00:05]} 31. b3 {[%emt 0:00:58]} Nb6 {[%emt 0:00:40]} 32. Rc7 {[%emt 0:00:08]} f6 {[%emt 0:00:38]} 33. Ng6+ {[%emt 0:00:17]} Kg8 {[%emt 0:00:21]} 34. Nf4 {[%emt 0:01:30]} Rf8 {[%emt 0:06:03]} 35. Rb7 {[%emt 0:01:22]} Nc8 {[%emt 0:02:23]} 36. Nxe6 {[%emt 0:00:48]} Re8 {[%emt 0:00:08]} 37. Nxg7 {[%emt 0:00:29]} Re7 {[%emt 0:00:11]} 38. Rb8 {[%emt 0:00:52]} Rc7 {[%emt 0:00:16]} 39. Nf5 {[%emt 0:00:11]} Nc6 {[%emt 0:00:26]} 40. Rb5 {[%emt 0:00:00]} Ne5 {[%emt 0:00:00]} 41. Be2 {[%emt 0:02:22]} Rc2 {[%emt 0:00:30]} 42. Kf1 {[%emt 0:00:56]} Na7 {[%emt 0:00:30]} 43. Rb8+ {[%emt 0:00:26]} 1-0

[Event "69th RUS-ch Women Higher League 2019"]
[Site "Yaroslavl"]
[Date "2019.07.04"]
[Round "7.7"]
[White "Maletina, Tatiana"]
[Black "Galliamova, Alisa"]
[Result "0-1"]
[WhiteElo "2273"]
[BlackElo "2444"]
[Annotator "NA"]
[PlyCount "62"]
[EventDate "2019.06.27"]
[EventType "swiss"]
[EventCountry "RUS"]
[SourceTitle "playchess.com"]
[Source "ChessBase"]
[SourceQuality "1"]
[TimeControl "40/5400+30:1800+30"]

1. d4 {[%emt 0:00:00]} d5 {[%emt 0:00:00]} 2. Bf4 {[%emt 0:00:00]} Nf6 {[%emt 0:00:00]} 3. e3 {[%emt 0:00:00]} c5 {[%emt 0:00:10]} 4. dxc5 {[%emt 0:00:00]} e6 {[%emt 0:02:14]} 5. b4 {[%emt 0:00:00]} a5 {[%emt 0:02:43]} 6. c3 {[%emt 0:00:06]} Nc6 {[%emt 0:07:24]} 7. Bb5 {[%emt 0:00:05]} Bd7 {[%emt 0:04:15]} 8. Qb3 {[%emt 0:00:16]} Nh5 {[%emt 0:16:52]} 9. Bxc6 {[%emt 0:34:27]} Bxc6 {[%emt 0:04:28]} 10. b5 {[%emt 0:06:00]} Nxf4 {[%emt 0:04:31]} 11. bxc6 {[%emt 0:13:51]} Nd3+ {[%emt 0:00:46]} 12. Kf1 {[%emt 0:00:07]} bxc6 {[%emt 0:01:58]} 13. Nf3 {[%emt 0:06:31]} Nxc5 {[%emt 0:01:58]} 14. Qc2 {[%emt 0:00:03]} Be7 {[%emt 0:04:17]} 15. Nbd2 {[%emt 0:00:31]} Bf6 {[%emt 0:03:51]} 16. g4 {[%emt 0:00:55]} O-O {[%emt 0:03:46]} 17. h4 {[%emt 0:08:38]} Rb8 {[%emt 0:04:39]} 18. g5 {[%emt 0:03:00]} Be7 {[%emt 0:00:15]} 19. Kg2 {[%emt 0:01:19]} Bd6 {[%emt 0:05:57]} 20. Rab1 {[%emt 0:09:06]} Qd7 {[%emt 0:10:10]} 21. Rxb8 {[%emt 0:13:34]} Rxb8 {[%emt 0:00:43]} 22. e4 {[%emt 0:01:21]} e5 {[%emt 0:01:28]} 23. Kf1 {[%emt 0:00:06]} Qg4 {[%emt 0:10:20]} 24. exd5 {[%emt 0:00:40]} cxd5 {[%emt 0:00:45]} 25. h5 {[%emt 0:00:05]} e4 {[%emt 0:01:09]} 26. Rh4 {[%emt 0:00:04]} Qf5 {[%emt 0:00:37]} 27. c4 {[%emt 0:01:27]} Nd3 {[%emt 0:01:18]} 28. cxd5 {[%emt 0:00:15]} exf3 {[%emt 0:00:57]} 29. Ne4 {[%emt 0:00:51]} Rc8 {[%emt 0:01:52]} 30. Nf6+ {[%emt 0:01:10]} gxf6 {[%emt 0:00:31]} 31. Rc4 {[%emt 0:00:09]} Qh3+ {[%emt 0:00:20]} 0-1

[Event "69th RUS-ch Women Higher League 2019"]
[Site "Yaroslavl"]
[Date "2019.07.04"]
[Round "7.8"]
[White "Lysenko, Margarita"]
[Black "Guseva, Marina"]
[Result "1-0"]
[WhiteElo "2224"]
[BlackElo "2379"]
[Annotator "TA"]
[PlyCount "67"]
[EventDate "2019.06.27"]
[EventType "swiss"]
[EventCountry "RUS"]
[SourceTitle "playchess.com"]
[Source "ChessBase"]
[SourceQuality "1"]

{[%evp 16,67,0,0,0,0,0,0,27,21,43,-1,0,-1,-8,-8,-8,-12,25,29,40,35,25,34,91,93,118,46,50,47,71,58,64,47,44,22,64,0,21,0,0,0,108,111,235,113,323,314,1143,1142,1051,1050,979,956]} 1. c4 c6 2. Nf3 d5 3. e3 Nf6 4. Nc3 e6 5. b3 Bd6 6. Bb2 O-O 7. d4 Nbd7 8. Qc2 Qe7 9. Bd3 Re8 {D46: Semi-Slav: 5 e3 Nbd7 6 Bd3, Black avoids the Meran} 10. Rd1 $146 (10. Ne2 e5 11. dxe5 Nxe5 12. Nxe5 Bxe5 13. Bxe5 Qxe5 14. O-O Ng4 15. Nf4 g5 16. h3 gxf4 17. exf4 Qxf4 18. hxg4 Bxg4 {0-1 (29) Beradze,I (2495)-Kramnik,V (2779) Batumi 2018}) 10... dxc4 11. Bxc4 e5 {The position is equal.} 12. Ng5 Rf8 13. d5 Nb6 14. dxc6 h6 $1 {[%cal Rh6g5]} 15. Nge4 $36 {[%mdl 2048] Black is under pressure.} Nxc4 16. bxc4 Bb4 17. cxb7 Bxb7 18. Nxf6+ Qxf6 19. O-O $1 Qc6 (19... Rfc8 $14) 20. Nd5 $16 f6 21. e4 (21. f4 $16 Bc5 22. fxe5 fxe5 23. Bxe5) 21... Bc5 $14 22. Rd3 {[%cal Bd1d3,Bd3g3,Bg3g6,Bg6g7][%mdl 32]} Rf7 23. Ba3 Bd4 24. Rg3 Kh8 25. Qe2 Qd7 26. Qh5 (26. Bb2 $14) 26... f5 27. exf5 Bxd5 28. cxd5 Qxd5 (28... Rxf5 $11 29. Qg4 e4) 29. Rg6 $1 $16 {Threatens to win with f6!} Qxa2 {[#]} (29... Kh7 $16) 30. f6 (30. Bc1 $1 $18 {[%cal Rc1h6] Bxh6! is the strong threat.} Kg8 31. f6) 30... e4 $2 {[#]} (30... Rxf6 $16 {might work better.} 31. Rxf6 Qxa3) 31. fxg7+ $1 $18 Bxg7 $2 (31... Kg8 32. Qxh6 Rxg7) 32. Bc1 {White is clearly winning.} Rb8 33. Bxh6 Kg8 34. Rxg7+ {Accuracy: White = 42%, Black = 37%.} 1-0

[Event "69th RUS-ch Women Higher League 2019"]
[Site "Yaroslavl"]
[Date "2019.07.04"]
[Round "7.9"]
[White "Bulatova, Kamaliya"]
[Black "Ambartsumova, Karina"]
[Result "1-0"]
[WhiteElo "2102"]
[BlackElo "2359"]
[Annotator "NA"]
[PlyCount "61"]
[EventDate "2019.06.27"]
[EventType "swiss"]
[EventCountry "RUS"]
[SourceTitle "playchess.com"]
[Source "ChessBase"]
[SourceQuality "1"]
[TimeControl "40/5400+30:1800+30"]

1. d4 {[%emt 0:00:00]} Nf6 {[%emt 0:00:00]} 2. c4 {[%emt 0:00:00]} e6 {[%emt 0:00:11]} 3. Nc3 {[%emt 0:00:08]} d5 {[%emt 0:00:29]} 4. Nf3 {[%emt 0:01:22]} Nbd7 {[%emt 0:07:56]} 5. g3 {[%emt 0:09:33]} Be7 {[%emt 0:09:14]} 6. Bg2 {[%emt 0:01:22]} O-O {[%emt 0:01:57]} 7. O-O {[%emt 0:01:13]} dxc4 {[%emt 0:07:52]} 8. e4 {[%emt 0:05:34]} a6 {[%emt 0:09:00]} 9. Qe2 {[%emt 0:06:36]} b5 {[%emt 0:08:36]} 10. e5 {[%emt 0:03:47]} Nd5 {[%emt 0:03:00]} 11. Nxd5 {[%emt 0:18:38]} exd5 {[%emt 0:00:14]} 12. e6 {[%emt 0:00:08]} Nb6 {[%emt 0:02:04]} 13. exf7+ {[%emt 0:00:19]} Rxf7 {[%emt 0:00:49]} 14. Ne5 {[%emt 0:00:14]} Rf6 {[%emt 0:01:19]} 15. a4 {[%emt 0:06:54]} bxa4 {[%emt 0:04:43]} 16. g4 {[%emt 0:07:15]} Bd7 {[%emt 0:06:14]} 17. g5 {[%emt 0:04:37]} Rf8 {[%emt 0:01:00]} 18. g6 {[%emt 0:02:52]} Be8 {[%emt 0:08:32]} 19. Bh3 {[%emt 0:03:03]} Qd6 {[%emt 0:01:45]} 20. gxh7+ {[%emt 0:05:08]} Kxh7 {[%emt 0:06:29]} 21. Ra3 {[%emt 0:01:24]} c5 {[%emt 0:05:25]} 22. dxc5 {[%emt 0:02:37]} Qxc5 {[%emt 0:04:06]} 23. Be6 {[%emt 0:00:37]} g5 {[%emt 0:00:35]} 24. Rh3+ {[%emt 0:03:08]} Kg7 {[%emt 0:00:01]} 25. Qc2 {[%emt 0:04:15]} Rh8 {[%emt 0:00:21]} 26. Rxh8 {[%emt 0:00:08]} Kxh8 {[%emt 0:00:04]} 27. Qf5 {[%emt 0:00:09]} Ra7 {[%emt 0:02:52]} 28. Qh3+ {[%emt 0:01:33]} Kg7 {[%emt 0:00:06]} 29. Ng4 {[%emt 0:00:02]} Bf7 {[%emt 0:01:46]} 30. Qh6+ {[%emt 0:00:24]} Kg8 {[%emt 0:00:04]} 31. Qg6+ {[%emt 0:00:03]} 1-0

[Event "69th RUS-ch Women Higher League 2019"]
[Site "Yaroslavl"]
[Date "2019.07.04"]
[Round "7.10"]
[White "Dordzhieva, Dinara"]
[Black "Kabanova, Ekaterina"]
[Result "1/2-1/2"]
[WhiteElo "2306"]
[BlackElo "2099"]
[Annotator "NA"]
[PlyCount "81"]
[EventDate "2019.06.27"]
[EventType "swiss"]
[EventCountry "RUS"]
[SourceTitle "playchess.com"]
[Source "ChessBase"]
[SourceQuality "1"]
[TimeControl "40/5400+30:1800+30"]

1. d4 {[%emt 0:00:00]} d5 {[%emt 0:00:00]} 2. Nf3 {[%emt 0:00:00]} Nf6 {[%emt 0:00:46]} 3. c4 {[%emt 0:00:00]} dxc4 {[%emt 0:01:26]} 4. e3 {[%emt 0:00:00]} e6 {[%emt 0:00:05]} 5. Bxc4 {[%emt 0:00:08]} a6 {[%emt 0:00:14]} 6. a4 {[%emt 0:00:24]} b6 {[%emt 0:01:44]} 7. O-O {[%emt 0:00:49]} Bb7 {[%emt 0:00:44]} 8. Qe2 {[%emt 0:00:07]} Nbd7 {[%emt 0:01:22]} 9. Nc3 {[%emt 0:02:19]} c5 {[%emt 0:01:25]} 10. Rd1 {[%emt 0:03:26]} Qc7 {[%emt 0:02:23]} 11. h3 {[%emt 0:03:49]} Be7 {[%emt 0:02:42]} 12. dxc5 Nxc5 13. Bd2 {[%emt 0:20:55]} O-O {[%emt 0:24:44]} 14. Rac1 {[%emt 0:00:32]} Qb8 {[%emt 0:00:19]} 15. Nd4 {[%emt 0:10:35]} Nd5 {[%emt 0:02:27]} 16. Bxd5 {[%emt 0:14:30]} exd5 {[%emt 0:01:33]} 17. b4 {[%emt 0:00:10]} Ne6 {[%emt 0:06:25]} 18. Qg4 {[%emt 0:01:00]} Nxd4 19. Qxd4 {[%emt 0:00:34]} Qd6 {[%emt 0:00:48]} 20. Ne2 {[%emt 0:09:38]} Bf6 {[%emt 0:02:16]} 21. Qg4 {[%emt 0:00:41]} Bc6 {[%emt 0:06:11]} 22. a5 {[%emt 0:09:45]} Ba4 {[%emt 0:01:51]} 23. Re1 {[%emt 0:00:36]} Bd7 {[%emt 0:08:01]} 24. Qf3 {[%emt 0:02:48]} bxa5 {[%emt 0:01:24]} 25. bxa5 {[%emt 0:00:56]} Rab8 {[%emt 0:02:02]} 26. Nf4 {[%emt 0:03:06]} Bb2 {[%emt 0:13:55]} 27. Rcd1 {[%emt 0:05:08]} Ba4 {[%emt 0:01:56]} 28. Rb1 {[%emt 0:00:05]} Bc2 {[%emt 0:00:10]} 29. Rxb2 {[%emt 0:00:07]} Rxb2 {[%emt 0:00:02]} 30. Bc3 {[%emt 0:00:07]} Rb5 {[%emt 0:01:41]} 31. Qg4 {[%emt 0:02:01]} Bg6 {[%emt 0:01:13]} 32. h4 {[%emt 0:00:13]} h5 {[%emt 0:06:36]} 33. Qg3 {[%emt 0:02:13]} Rc8 {[%emt 0:02:41]} 34. Bd4 {[%emt 0:06:20]} Rc6 {[%emt 0:00:02]} 35. Ra1 {[%emt 0:01:09]} Qc7 {[%emt 0:01:07]} 36. Qg5 {[%emt 0:00:52]} Rc1+ {[%emt 0:04:40]} 37. Rxc1 {[%emt 0:00:43]} Qxc1+ {[%emt 0:00:02]} 38. Kh2 {[%emt 0:00:02]} Qc2 {[%emt 0:01:32]} 39. Nxh5 {[%emt 0:01:55]} f6 {[%emt 0:01:58]} 40. Nxf6+ {[%emt 0:00:00]} gxf6 {[%emt 0:00:00]} 41. Qxf6 {[%emt 0:02:50]} 1/2-1/2

[Event "69th RUS-ch Women Higher League 2019"]
[Site "Yaroslavl"]
[Date "2019.07.04"]
[Round "7.11"]
[White "Komiagina, Maria"]
[Black "Bodnaruk, Anastasia"]
[Result "0-1"]
[WhiteElo "2254"]
[BlackElo "2440"]
[Annotator "NA"]
[PlyCount "132"]
[EventDate "2019.06.27"]
[EventType "swiss"]
[EventCountry "RUS"]
[SourceTitle "playchess.com"]
[Source "ChessBase"]
[SourceQuality "1"]
[TimeControl "40/5400+30:1800+30"]

1. e4 {[%emt 0:00:00]} d6 {[%emt 0:00:00]} 2. d4 {[%emt 0:00:00]} g6 {[%emt 0:00:00]} 3. Nc3 {[%emt 0:00:05]} Bg7 {[%emt 0:00:00]} 4. Be3 {[%emt 0:00:08]} a6 {[%emt 0:00:19]} 5. f4 {[%emt 0:00:13]} b5 {[%emt 0:00:20]} 6. Be2 {[%emt 0:00:18]} Nd7 {[%emt 0:08:41]} 7. Bf3 {[%emt 0:00:53]} Nb6 {[%emt 0:01:19]} 8. e5 {[%emt 0:08:12]} Rb8 {[%emt 0:01:41]} 9. Qe2 {[%emt 0:00:13]} e6 {[%emt 0:09:00]} 10. O-O-O {[%emt 0:00:18]} d5 {[%emt 0:10:30]} 11. g4 {[%emt 0:02:03]} Nc4 {[%emt 0:07:07]} 12. h4 {[%emt 0:00:42]} Qe7 {[%emt 0:08:15]} 13. Nb1 {[%emt 0:01:56]} f6 {[%emt 0:01:07]} 14. h5 {[%emt 0:03:34]} c5 {[%emt 0:05:38]} 15. h6 {[%emt 0:13:19]} Bf8 {[%emt 0:01:01]} 16. exf6 {[%emt 0:02:46]} Nxf6 {[%emt 0:06:10]} 17. dxc5 {[%emt 0:00:17]} Qc7 {[%emt 0:04:03]} 18. Nh3 {[%emt 0:02:18]} Nxe3 {[%emt 0:03:39]} 19. Qxe3 {[%emt 0:00:07]} Bxc5 {[%emt 0:00:42]} 20. Qe2 {[%emt 0:01:52]} O-O {[%emt 0:01:20]} 21. Rhf1 {[%emt 0:00:57]} Bd7 {[%emt 0:04:27]} 22. g5 {[%emt 0:02:57]} Ne8 {[%emt 0:04:24]} 23. Bg4 {[%emt 0:01:12]} Rb6 {[%emt 0:01:23]} 24. Nd2 {[%emt 0:00:43]} Bd4 {[%emt 0:05:33]} 25. Nb3 {[%emt 0:03:40]} Bh8 {[%emt 0:00:21]} 26. Kb1 {[%emt 0:00:27]} Qc4 {[%emt 0:03:56]} 27. Rd3 {[%emt 0:03:45]} Nc7 {[%emt 0:03:06]} 28. Qd2 {[%emt 0:08:01]} b4 {[%emt 0:01:52]} 29. Re1 {[%emt 0:03:50]} Nb5 {[%emt 0:04:22]} 30. Qf2 {[%emt 0:04:15]} Rd6 {[%emt 0:02:37]} 31. Qc5 {[%emt 0:19:15]} Rc8 {[%emt 0:00:35]} 32. Qxc4 {[%emt 0:00:24]} dxc4 {[%emt 0:01:33]} 33. Rxd6 {[%emt 0:00:06]} Nxd6 {[%emt 0:00:09]} 34. Nc1 {[%emt 0:00:47]} Kf7 {[%emt 0:00:40]} 35. Nf2 {[%emt 0:01:53]} Nf5 {[%emt 0:00:26]} 36. Ne4 {[%emt 0:00:32]} Ke7 {[%emt 0:00:59]} 37. Ne2 {[%emt 0:01:46]} Bc6 {[%emt 0:00:36]} 38. N2g3 {[%emt 0:02:48]} Bxe4 {[%emt 0:00:35]} 39. Nxe4 {[%emt 0:00:15]} a5 {[%emt 0:00:25]} 40. c3 {[%emt 0:00:00]} Rd8 {[%emt 0:00:00]} 41. Rd1 {[%emt 0:16:56]} Rxd1+ {[%emt 0:16:41]} 42. Bxd1 {[%emt 0:00:06]} Nd6 {[%emt 0:00:29]} 43. Bf3 {[%emt 0:10:15]} e5 {[%emt 0:08:23]} 44. Ng3 {[%emt 0:03:18]} exf4 {[%emt 0:01:10]} 45. Ne2 {[%emt 0:00:04]} bxc3 {[%emt 0:01:56]} 46. bxc3 {[%emt 0:00:16]} Be5 {[%emt 0:00:26]} 47. Bd5 {[%emt 0:00:24]} Nf5 {[%emt 0:01:30]} 48. Ng1 {[%emt 0:02:11]} Bxc3 {[%emt 0:03:57]} 49. Bxc4 {[%emt 0:00:12]} Nh4 {[%emt 0:00:35]} 50. Kc2 {[%emt 0:03:38]} Bd4 {[%emt 0:00:01]} 51. Nh3 {[%emt 0:01:32]} f3 {[%emt 0:00:55]} 52. Kd3 {[%emt 0:00:27]} Bb6 {[%emt 0:00:31]} 53. Ke4 {[%emt 0:04:50]} f2 {[%emt 0:00:12]} 54. Kf4 {[%emt 0:01:09]} Ng2+ {[%emt 0:00:30]} 55. Ke4 {[%emt 0:02:28]} Ne3 {[%emt 0:00:11]} 56. Nxf2 {[%emt 0:00:24]} Nxc4 {[%emt 0:00:02]} 57. Ng4 {[%emt 0:00:08]} Kf7 {[%emt 0:01:24]} 58. Nf6 {[%emt 0:01:15]} Bd8 {[%emt 0:00:24]} 59. Nxh7 {[%emt 0:00:23]} Be7 {[%emt 0:00:47]} 60. Kd5 {[%emt 0:00:20]} Nd2 {[%emt 0:00:29]} 61. Ke5 {[%emt 0:00:28]} Nf3+ {[%emt 0:00:19]} 62. Kf4 {[%emt 0:00:16]} Nd4 {[%emt 0:00:20]} 63. Kg4 {[%emt 0:01:21]} Ne6 {[%emt 0:00:07]} 64. Kh4 {[%emt 0:00:14]} Kg8 {[%emt 0:00:41]} 65. Nf6+ {[%emt 0:00:07]} Bxf6 {[%emt 0:00:04]} 66. gxf6 {[%emt 0:00:04]} Kh7 {[%emt 0:00:06]} 0-1